• 首页
  • 本馆介绍
  • 公告通知
  • 最新文献
  • 馆藏检索
  • 电子资源
  • 读者导购
  • 参考咨询
  • 我的图书馆
  • 登录
  • 详细信息显示
  • 放入我的书架
  • 预约/预借图书
  • 作者相关作品
  • 分类相关作品
  • 丛书相关作品
  • 出版社相关作品

书目信息

  • 表格格式
  • 工作单格式
  • 卡片格式
题名:
初等极值问题
    
 
作者: 程龙 著
分册:  
出版信息: 上海   上海教育出版社  1984.7
页数: 147页
开本: 19cm
丛书名: 中学生文库精选
单 册:
中图分类: O122.5
科图分类:
主题词: 初等代数--极小极大--课外读物--中学
电子资源:
ISBN: 7-5320-2580-2
000 00619oam2 22002291 450
001 1555876845
005 20150129142950.06
010    @a7-5320-2580-2@dCNY1.45
010    @a7-5320-2580-2@dCNY1.45
100    @a19980921 fm 0
101 0  @achi
105    @ay 000yy
200 1  @a初等极值问题@f程龙著
210    @a上海@c上海教育出版社@d1984.7@h1996.10
215    @a147页@d19cm
225 2  @a中学生文库精选
461  0 @12001 @a中学生文库精选
606 0  @a初等代数@x极小极大@x课外读物@x中学
690    @aO122.5@v5
701  0 @a程龙@4著
801  0 @aCN@bTSSF@c20150129
905    @aZUCC@dO122.5@eJY1
    
    初等极值问题/程龙著.-上海:上海教育出版社,1984.7(1996.10)
    147页;19cm.-(中学生文库精选)
    
    
    ISBN 7-5320-2580-2:CNY1.45
    
●
相关链接 在E读中查询图书 在五车中查询图书 在当当中查询图书 在豆瓣中查询图书


正题名:初等极值问题     索取号:O122.5/JY1         预约/预借

序号 登录号 条形码 馆藏地/架位号 状态 备注
1 7838642   278386426   学院路分馆/ [索取号:O122.5/JY1] 在馆    
2 7840243   278402435   学院路分馆/ [索取号:O122.5/JY1] 在馆    
唐山师范学院图书馆 欢迎您!
大连网信软件有限公司© 版权所有